<?xml version="1.0" encoding="UTF-8"?>
<marc:record xmlns:marc="http://www.loc.gov/MARC21/slim">
   <marc:leader>00000nam a2200000 a 4500</marc:leader>
   <marc:datafield ind1="1" ind2=" " tag="100">
      <marc:subfield code="a">Descamps, Patrick</marc:subfield>
   </marc:datafield>
   <marc:datafield ind1="1" ind2=" " tag="100">
      <marc:subfield code="a">Denicourt, Marianne</marc:subfield>
   </marc:datafield>
   <marc:datafield ind1="1" ind2=" " tag="100">
      <marc:subfield code="a">Cluzet, Francois</marc:subfield>
   </marc:datafield>
   <marc:datafield ind1="1" ind2=" " tag="100">
      <marc:subfield code="a">Lilti, Thomas</marc:subfield>
   </marc:datafield>
   <marc:datafield ind1="0" ind2="0" tag="245">
      <marc:subfield code="a">Der Landarzt von Chaussy [Bildtonträger]</marc:subfield>
   </marc:datafield>
   <marc:datafield ind1="0" ind2="0" tag="245">
      <marc:subfield code="c">Drehbuch und Regie: Thomas Lilti. Darsteller:Francois Cluzet, Marianne Denicourt, Patrick Descamps</marc:subfield>
   </marc:datafield>
   <marc:datafield ind1=" " ind2="1" tag="264">
      <marc:subfield code="b">WINKLER FILM</marc:subfield>
      <marc:subfield code="c">2017</marc:subfield>
   </marc:datafield>
   <marc:datafield ind1="1" ind2=" " tag="520">
      <marc:subfield code="a">Dr. Jean-Pierre Werner  ist seit über 30 Jahren Landarzt und in seiner Dorfgemeinschaft sehr beliebt. Für die Nöte und Sorgen seiner Patienten hat er immer ein offenes Ohr. Als er plötzlich selbst erkrankt, ist er gezwungen, eine Vertretung einzustellen. Diese kommt, schneller als ihm lieb ist, in Gestalt der attraktiven und selbstbewussten Dr. Nathalie Delezia (Marianne Denicourt). Aber Jean-Pierre, der sich für ziemlich unersetzbar hält, ist nicht bereit, sie ohne Umschweife als mögliche Nachfolgerin an seiner Seite zu akzeptieren. Und so muss sich Natalie seine Anerkennung und die der Dorfgemeinschaft erst hart erarbeiten. Doch nach und nach kommt unter der anfänglich rauen Oberfläche wahre Herzlichkeit zum Vorschein.</marc:subfield>
   </marc:datafield>
   <marc:datafield ind1=" " ind2=" " tag="041">
      <marc:subfield code="a">ger</marc:subfield>
   </marc:datafield>
   <marc:datafield ind1=" " ind2=" " tag="300">
      <marc:subfield code="a">1 DVD (PAL, Dolby, Widescreen)</marc:subfield>
   </marc:datafield>
</marc:record>
